00487 2200205 4500001002100000008004100021035002000062082000800082084001400090100002100104245004400125250000600169260003300175300001100208650001400219990001200233990001200245990001200257990001200269INLIS000000000000499 ind  a0010-0424000475 a600 a600 WIW a aTriastuti, Wiwik aAneka Saus KontinentalcWiwik Triastuti a1 aKlaten :bIntan Sejatic2015 a76 hlm aNon Fiksi a0722016 a0722017 a0722018 a0722019